000 00853nam a2200265Ia 4500
003 OSt
005 20220926025123.0
006 a|||||r|||| 00| 0
007 ta
008 220923b |||||||| |||| 00| 0 eng d
037 _cGeneral Book
040 _aRTL
_cRTL
_beng
041 _2eng
_aeng
082 _aX0aL:4234.43.N9, N7
100 _aBloom David E
_9331902
245 0 _aEconomics of HIV and AIDS
_b The case of South and South East Asia
260 _aOxford
_bOxford University Press
_c1997
300 _a263p
_ccm.
490 _aUnited Nations Development Programme Publications
500 _aBibliography chapterwise
650 _aEconomics IRT Medicine
_9236377
700 _a Godwin Peter Ed.
942 _hX0aL:4234.43.N9, N7
_cGB
_2CC
999 _c646336
_d646336